000 01032nas a2200337 4500
001 BR2015002491
003 BR-BrBNA
005 20231205125248.0
007 ta
008 230509b bl.|||p| |||| 00| 00por d
040 _aBR-BrBNA
_bpor
_cBiblioteca Nacional de Agricultura
041 _a(En)
072 _aQ04;
100 1 _aGrilo, E.C.
100 1 _aCosta, P.N.
100 1 _aGurgel, C.S.S.
100 1 _aBeserra, A.F. de L.
100 1 _aAlmeida, F.N. de S.
100 1 _aDimenstein, R.
110 1 _a
245 1 _aAlpha-tocopherol and gamma-tocopherol concentration in vegetable oils
650 _aOLEO VEGETAL
650 _aVITAMINA E
650 _aVALOR NUTRITIVO
650 _aANALISE DE ALIMENTO
650 _aANALISE COMPARATIVA
773 0 _tCiência e Tecnologia de Alimentos (Brazil)
_xISSN 1678-457X
_g(Apr-Jun 2014), v. 34(2) p. 379-385
_wBR2015002491
856 4 0 _uhttp://www.scielo.br/pdf/cta/v34n2/aop_cta_6316.pdf
909 _a202311
_bLúcia
_c55
_dLúcia Elande
942 _2AGRIS
_n0
_cANA
999 _c243505
_d243505